| 000 | 00685nam a22002777a 4500 | ||
|---|---|---|---|
| 005 | 20250729160141.0 | ||
| 008 | 190816b1997 xxu||||| |||| 00| 0 spa d | ||
| 020 | _a9381321537 | ||
| 041 | _aESP | ||
| 082 | _a333.72 E12c | ||
| 110 | _aEarthworks Group | ||
| 245 | _aCincuenta cosas sencillas para salvar la tierra | ||
| 260 | _aMéxico | ||
| 260 | _bDiana | ||
| 260 | _c1997 | ||
| 300 | _a149 páginas | ||
| 490 | _aTurismo | ||
| 650 | _aCONTAMINACIÓN AMBIENTAL | ||
| 650 | _aMEDIO AMBIENTE | ||
| 650 | _aCONSERVACIÓN | ||
| 650 | _aECOLOGÍA | ||
| 650 | _aPROTECCIÓN AMBIENTAL | ||
| 650 | _aCAPA DE OZONO | ||
| 650 | _aEFECTO INVERNADERO | ||
| 942 |
_cBK _2ddc |
||
| 999 |
_c12257 _d12257 |
||